Statistics for UK Counties Quiz

Click here to take the quiz!

General Stats

  • This quiz has been taken 57 times
  • The average score is 16 of 20

Answer Stats

HintAnswer% Correct
NewquayCornwall
94%
ColchesterEssex
94%
MaidstoneKent
94%
GuildfordSurrey
90%
BournemouthDorset
88%
FleetwoodLancashire
86%
BicesterOxfordshire
86%
ReadingBerkshire
84%
Weston-super-MareSomerset
84%
EalingGreater London
80%
SkegnessLincolnshire
78%
HuntingdonCambridgeshire
76%
AshbourneDerbyshire
75%
SkiptonNorth Yorkshire
73%
RugbyWarwickshire
73%
UlverstonCumbria
69%
WiganGreater Manchester
69%
RingwoodHampshire
69%
Chester-le-StreetDurham
63%
HighworthWiltshire
31%

Score Distribution

Percentile by Number Answered

Percent of People with Each Score

Your Score History

You have not taken this quiz